LIBRARY & INFORMATION CENTRE, KCAET, TAVANUR

ONLINE PUBLIC ACCESS CATALOGUE (OPAC)

Guidelines : land evaluation for irrigated agriculture (Record no. 6871)

MARC details
000 -LEADER
fixed length control field 00380cam a2200145ua 4500
003 - CONTROL NUMBER IDENTIFIER
control field OSt
008 - FIXED-LENGTH DATA ELEMENTS--GENERAL INFORMATION
fixed length control field 221111b |||||||| |||| 00| 0 eng d
041 ## - LANGUAGE CODE
Language code of text/sound track or separate title eng
082 ## - DEWEY DECIMAL CLASSIFICATION NUMBER
Classification number 631.44
Item number FOO/GU
245 ## - TITLE STATEMENT
Title Guidelines : land evaluation for irrigated agriculture
250 ## - EDITION STATEMENT
Edition statement 1 /
260 ## - PUBLICATION, DISTRIBUTION, ETC. (IMPRINT)
Place of publication UN (Rome) :
Name of publisher Food&agriculture organisation ,
Year of publication 1985.
300 ## - PHYSICAL DESCRIPTION
Number of Pages 231 ; .
942 ## - ADDED ENTRY ELEMENTS (KOHA)
Koha item type Books
Holdings
Withdrawn status Lost status Damaged status Home library Current library Date acquired Full call number Accession Number Koha item type
      KAUAET   07/04/2012 631.44 18655 Books
free website counter